ՀՀ Գիտությունների ազգային ակադեմիայի հիմնարար գիտական գրադարան  =   Fundamental Scientific Library of NAS RA

Չինական գրականության անթոլոգիա = (Record no. 527787)

MARC details
000 -LEADER
fixed length control field 00966nam a2200253 a 4500
001 - CONTROL NUMBER
control field 1907361
003 - CONTROL NUMBER IDENTIFIER
control field AM-YEHGA
005 - DATE AND TIME OF LATEST TRANSACTION
control field 20250618080119.0
008 - FIXED-LENGTH DATA ELEMENTS--GENERAL INFORMATION
fixed length control field 230607s2023 ai a|||gr|||||||||1|arm|d
020 ## - INTERNATIONAL STANDARD BOOK NUMBER
International Standard Book Number 9789939758923
020 ## - INTERNATIONAL STANDARD BOOK NUMBER
International Standard Book Number 9789939759111
040 ## - CATALOGING SOURCE
Original cataloging agency AM-YeHGA
041 0# - LANGUAGE CODE
Language code of text/sound track or separate title arm
-- chi
090 ## - LOCALLY ASSIGNED LC-TYPE CALL NUMBER (OCLC); LOCAL CALL NUMBER (RLIN)
-- 565906
245 00 - TITLE STATEMENT
Title Չինական գրականության անթոլոգիա =
Remainder of title 中国文學選集 /
Statement of responsibility, etc. Պատ. խմբ.՝ Սերգո Երիցյան ; Թարգմ.՝ Գոհար Աթիկյան, Ռոբերտ Ծատուրյան.
246 31 - VARYING FORM OF TITLE
Title proper/short title 中国文學選集
260 ## - PUBLICATION, DISTRIBUTION, ETC.
Place of publication, distribution, etc. Երևան :
Name of publisher, distributor, etc. Էդիթ Պրինտ,
Date of publication, distribution, etc. 2023.
300 ## - PHYSICAL DESCRIPTION
Extent 512 էջ :
Other physical details նկ.
650 14 - SUBJECT ADDED ENTRY--TOPICAL TERM
Topical term or geographic name entry element Չինական գրականություն
9 (RLIN) 8747
700 1# - ADDED ENTRY--PERSONAL NAME
Personal name Երիցյան, Սերգո Սարգսի,
Relator term խմբ.
Relationship edt
Dates associated with a name 1957-2023
9 (RLIN) 3389
700 1# - ADDED ENTRY--PERSONAL NAME
Personal name Աթիկյան, Գոհար
Relator term թարգմ.
Relationship trl
700 1# - ADDED ENTRY--PERSONAL NAME
Personal name Ծատուրյան, Ռոբերտ
Relator term թարգմ.
Relationship trl
942 ## - ADDED ENTRY ELEMENTS (KOHA)
Source of classification or shelving scheme Universal Decimal Classification
Koha item type Գրքեր / Books
Holdings
Withdrawn status Lost status Source of classification or shelving scheme Damaged status Not for loan Collection Home library Current library Date acquired Total checkouts Full call number Barcode Date last seen Price effective from Koha item type Public note
    Universal Decimal Classification     General Fundamental Scientific Library Fundamental Scientific Library 07/06/2023   AII/110356 FL0671974 07/06/2023 07/06/2023 Գրքեր / Books 30 Days Loan


ՀՀ ԳԱԱ հիմնարար գիտական գրադարան
ՀՀ,Երևան 0019
Մարշալ Բաղրամյան 24/6
հեռախոս:(374-10) 52-47-50
Հետադարձ կապ

All site content, except where otherwise noted, is licensed under a
Creative Commons License